000 01236nam a22002657a 4500
005 20170124102934.0
010 _aA-753300
020 _c50.00
035 _aA-753300
037 _bCen Lib/Ret
040 _aDPL
_bHN
082 _a793.31
_bअर्जुन
100 _aअर्जुनदास केसरी
_942803
245 _aमध्यओत्तर भारत के लोक नाट्य एवं न्रत्य /
_cअर्जुनदास केसरी [मोहन लाल बाबुलकर
246 _amadhyotter bharat ke lok natya evam nrtya
_bby Arjundass Kesri [evam] Mohan lal Babulkar
260 _aवाराणसी
_bसूर्यकाल बाजपेयी
_c1993
270 _aके.46/203,हरतीरथ
_bवाराणसी
300 _a96पृष्ठ. :
_bचित्र.
_c20सेमी (सजिल्द )
650 _aहिंदी साहित्य
_945975
650 _aहिंदी नाटक
_945976
650 _aHindi literature
_945977
650 _aHindi drama
_945978
700 _a बाबुलकर, मोहन लाल
_945979
942 _2ddc
_cHN
_h793.31
_mअर्जुन
999 _c112115
_d112115